| 000 | 01151nam a22002897a 4500 | ||
|---|---|---|---|
| 001 | 9683 | ||
| 003 | FISKH | ||
| 005 | 20260129135019.0 | ||
| 008 | 260129b cb ||||| |||| 00| 0 eng d | ||
| 020 | _a9780462001159 | ||
| 040 |
_aFISKH _beng _cFISKH _dFISKH |
||
| 050 | _aPZ7 | ||
| 082 | _a028.5 | ||
| 100 |
_aLing, Judy _eAuthor |
||
| 245 |
_aWhat is in my garden? / _cWritten by Judy Ling ; illustrated by Donovan Bixley |
||
| 260 |
_aSingapore : _bMarshall Cavendish International , _c2008 |
||
| 300 |
_a16 pages : _bcolor illustrations ; _c19 cm |
||
| 490 |
_aMy pals are here! : _v13c |
||
| 505 | _aJ | ||
| 520 | _aWhat Is in My Garden? follows a young learner as they explore a garden and identify various plants, insects, and features found in that outdoor space. Using short, simple sentences and supportive pictures, the story helps early readers build recognition of vocabulary and concepts while engaging with a familiar, everyday environment. | ||
| 521 | 8 |
_a500
_bLexile estimate |
|
| 521 | 8 |
_aJ
_bRaz-Plus |
|
| 650 |
_aCreature _vGarden |
||
| 700 |
_aBixley, Donovan _eIllustrator |
||
| 942 |
_2ddc _cBK _n0 |
||
| 999 |
_c9683 _d9683 |
||